=LDR 00000nam 2200000 4500 =001 $a INLIS000000000008529 =005 $a 20260625142255 =008 $a 260625###########################0#ind## =022 ##$$a 978-602-8674-07-2 =035 ##$$a 0010-0626000156 =082 ##$$a 658.5 =084 ##$$a 658.5 MOC m =100 #$$a Moch. Imron =245 ##$$a manajemen logistik rumah sakit $b - $c Drs. Moch. Imron TA, MM, MBA =247 ##$$a =260 ##$$a Jakarta $b Sagung Seto $c 2010 =300 ##$$a xiv; 84 hlm. $b ilus. $c 22,5 cm. $e =310 ##$$a =321 ##$$a =520 #$$a =650 #$$a Manajemen =700 #$$a =856 ##$$a =Wor $a 1